| 000 | 01678 a2200229 4500 | ||
|---|---|---|---|
| 001 | 29440 | ||
| 005 | 20260407155604.0 | ||
| 008 | 260407a1998 arg spa d | ||
| 003 | AR-UNSa-BCEJYS | ||
| 040 |
_aAR-UNSa-BCEJYS _bspa _cAR-UNSa-BCEJYS |
||
| 080 |
_a336.225 _xMétodo de tributación y administración de impuestos |
||
| 245 | 1 | 0 | _aSujetos pasivos, liquidaciones de impuestos prescripción |
| 250 | _a2a. ed. | ||
| 264 | 1 |
_aBuenos Aires : _bEdiciones Nueva Técnica _c1998 |
|
| 300 |
_a80 p. _c28 cm. |
||
| 505 | _aModulo I: Sujetos pasivo de la obligación tributaria: 1. Teoría de la relación jurídico tributaria - 2. La obligación tributaria como núcleo del estudio científico del Derecho Tributario - 3. La proyección de los efectos de la gestión administrativa sobre la obligación tributaria - Modulo II: Liquidación y percepción de impuestos: 1. Declaracón jurada presentada por los sujetos pasivos - 2. Liquidación efectuada por el fisco - 3. Percepción de impuestos - Modulo III: Domicilio y términos: I Domicilio: 1. Domicilio - 2. Clasificación - II Términos: 1. Días Hábiles - 2. Plazos en días - 3. Plazos en horas - 4. Notificación en día inhábil - 5. Formas de notificación - Modulo IV: Prescripción: 1. Concepto - 2. Clases de prescripción - 3. Plazos de prescripción de las acciones y poderes del fisco - 4. Plazo de prescripción de la acción de repetición - 5. Iniciación de la prescripción - 6. Suspensión de la prescripción - 7. Interrupción de la prescripción | ||
| 041 | _aspa | ||
| 942 | _cBK | ||
| 590 | _aniveau_biblio:m niveau_hierar:0 | ||
| 100 | 1 | _aGómez, Teresa | |
| 700 | 1 | _aFolco, Carlos Maria | |
| 999 |
_c1865 _d1865 |
||